An American hometown (Record no. 135702)
[ view plain ]
| 000 -LEADER | |
|---|---|
| fixed length control field | 02498nam a2200397 a 4500 |
| 082 04 - DEWEY DECIMAL CLASSIFICATION NUMBER | |
| Classification number | 977.2/45 |
| 100 1# - MAIN ENTRY--AUTHOR NAME | |
| Personal name | Roznowski, Tom, |
| 245 13 - TITLE STATEMENT | |
| Title | An American hometown |
| 260 ## - PUBLICATION, DISTRIBUTION, ETC. (IMPRINT) | |
| Place of publication | Bloomington : |
| Name of publisher | Indiana University Press, |
| Year of publication | c2009. |
| 300 ## - PHYSICAL DESCRIPTION | |
| Number of Pages | xvi, 264 p. : |
| Other physical details | ill. |
| 505 0# - FORMATTED CONTENTS NOTE | |
| Formatted contents note | Abel Manufacturing Company to Robert Axlander -- Bachelor Club to Roxie Byrd -- Barden Calloway to John Crowe -- Daphne Confectionary to Lemon H. Dunn -- Tilatha East to Mary Euriga -- Ethel Failing to Emma Fyfe -- James H. Gallian to Flora G. Gulick -- Joseph A. Haddox to Frances Hughes -- Josephine Ice to Abe Issac -- Mary Jackman to William R. Joyce -- Albert Kaeling to Lillian Kuhn -- Minnie Mayme Lacy to Lena B. Lyda -- Albert McBride to Ernestine Myers Dancing Academy -- Agnes Nairn to North Baltimore Bottle Glass Company -- Harry E. Oaf to James Osler -- Mabel P. Paine to Arvella Pushback -- The Quality Shop to Jacob Ryan -- St. Joseph's Academy to Marcella Swim -- Elmer E. Talbott to Alice Twadell -- Jacob Umble to Alm Utz -- Ohmer D. Vance to Robert T. Vrydagh -- Clarence W. Wagner to John Wright -- Ivan Yates to George A. Zwerner. |
| 650 #0 - SUBJECT ADDED ENTRY--TOPICAL TERM | |
| Topical Term | Sustainable living |
| 700 1# - ADDED ENTRY--PERSONAL NAME | |
| Personal name | Sanders, Scott R. |
| 856 40 - ELECTRONIC LOCATION AND ACCESS | |
| Uniform Resource Identifier | http://site.ebrary.com/lib/rucke/Doc?id=10443348 |
No items available.
